Statistics for BIG North Dakota Quiz

Click here to take the quiz!

General Stats

  • This quiz has been taken 76 times
    (55 since last reset)
  • The average score is 68 of 141

Answer Stats

HintAnswer% Correct
Largest CityFargo
97%
CapitalBismarck
95%
Bordering statesSouth Dakota
95%
North Dakota is part of what large, flat region of North America?{Great} Plains
92%
Bordering statesMinnesota
92%
Bordering statesMontana
92%
Bordering Canadian provincesManitoba
87%
River that forms most of the eastern borderRed River
87%
Bordering Canadian provincesSaskatchewan
87%
Time zonesCentral Time
84%
Time zonesMountain Time
82%
The next largest citiesMinot
79%
Largest riverMissouri River
79%
The next largest citiesGrand Forks
76%
Term for a temperate grassland ecosystemprairie
76%
Other federally recognized Indian tribesSisseton Wahpeton Oyate (Sioux/Dakota)
76%
Other federally recognized Indian tribesSpirit Lake Tribe (Sioux/Dakota)
76%
U.S. highways (having over 100 independently signed miles in North Dakota)US-2
76%
Other federally recognized Indian tribesStanding Rock Sioux (Dakota & Lakota)
74%
Animal on the state quarterbison
71%
North Dakota State University's mascotBison
71%
Largest lakes (manmade)Lake Sakakawea
71%
North Dakota's largest crop by acreage. It is the #2 producer.wheat
71%
Interstate highwaysI-29
68%
Interstate highwaysI-94
68%
Explorers who spent time in North Dakota during their exploration of the Louisiana Purchase{Lewis} and {Clark}
68%
Their Native American guide and interpreterSacagawea
68%
National ParkTheodore Roosevelt National Park
68%
State nickname (a Native American people)the {Sioux} State
68%
States with a smaller population than North DakotaWyoming
68%
Territory North Dakota was a part of before it became a state{Dakota} Territory
66%
The next largest citiesDickinson
66%
The Laurentian Divide or Northern Divide passes through North Dakota and separates the waters that flow where?Gulf of {Mexico}
66%
Other major riversJames River
66%
The next largest citiesWest Fargo
66%
North Dakota has two of these military establishments.{Air} {Force} bases
63%
States with a smaller population than North DakotaAlaska
63%
The largest group of North Dakotans (35%) trace their ancestry to this country.Germany
63%
Park that spans the international borderInternational Peace Garden
63%
The next largest citiesJamestown
63%
The University of North Dakota is one of the NCAA's most dominant teams in what sport?men's ice hockey
63%
24% of North Dakotans trace their ancestry to this country, by far the highest rate of any state.Norway
63%
Official state nicknamethe {Peace} {Garden} State
63%
The next largest citiesWilliston
63%
Semi-arid region in the southwest of the state comprised of rugged gullies and buttes eroded out of layered clay soilBadlands
61%
Most of North Dakota is covered with rolling hills and small lakes, carved by what between 95,000 and 20,000 years ago?glacier (the Laurentide Ice Sheet)
61%
Native American peoples that comprise the Three Affiliated Tribes | The next largest citiesMandan
61%
States with a smaller population than North DakotaVermont
61%
Species of deer{white}-{tailed} deer
61%
Second-largest source of electricity in North Dakota, behind coalwind
61%
The Laurentian Divide or Northern Divide passes through North Dakota and separates the waters that flow where?{Hudson} Bay
58%
Most prominent object on the state flagbald eagle
55%
The University of North Dakota's mascotHawks
55%
Rodents that build underground "towns" which can house thousands of individualsprairie dogs
55%
Town which purports to be the geographical center of North AmericaRugby
55%
The only state-owned institution of its kind in the US{Bank} of North Dakota
53%
Town which is actually the geographical center of North America, according to a 2016 study (no pun intended)Center
53%
Largest branch of ChristianityLutheran
53%
Largest natural lake, an endorheic lakeDevils Lake
50%
State beveragemilk
50%
North Dakota is the only state in which this number decreased during the Great Recession of 2007-2009.unemployment
50%
Species of deer{mule} deer
47%
A manmade structure in North Dakota was the world's tallest from 1991 to 2008. What is it for?television transmission
47%
Wooded plateau in the middle of the northern border{Turtle} Mountain(s)
47%
State birdwestern meadowlark
47%
Number of domes on the state capitol building0
45%
Number of counties53
45%
Species of wild sheep{bighorn} sheep
45%
North Dakota is the #1 or #2 producer of these legumes.{black} beans
45%
North Dakota is the #1 producer of these oilseed crops, producing over 75% of the US's total.canola
45%
Rural highway decorated with huge metal sculptures{Enchanted} Highway
45%
North Dakota is the #1 or #2 producer of these legumes.{pinto} beans
45%
Other major riversSheyenne River
45%
President who, in 1889, shuffled the statehood bills on his desk before and after signing them, so no one actually knows whether North Dakota or South Dakota became a state firstBenjamin Harrison
42%
North Dakota has more of these buildings per capita than any other statechurches
42%
Dam that formed the above lakeGarrison Dam
42%
North Dakota has the world's largest known deposit of this kind of coal.lignite
42%
Largest wild carnivoremountain lion
42%
North Dakota is the #2 producer of this oilseed crop.sunflowers
42%
State nickname (in honor of Theodore Roosevelt)the {Rough} {Rider} State
42%
Highest point (3508 ft/1069 m)White Butte
42%
Only 0.42% of North Dakotans trace their ancestry to this country, but that's by far the highest rate of any state. They live mainly in the northeast of the state, where there's a state park named after them.Iceland
39%
North Dakota has the US's oldest religious building of this kind.mosque
39%
North Dakota has 150 Minuteman III units. What are they?nuclear missiles
39%
U.S. highways (having over 100 independently signed miles in North Dakota)US-52
39%
North Dakota is the #1 producer of these oilseed crops, producing over 75% of the US's total.flax
37%
Native American peoples that comprise the Three Affiliated TribesHidatsa
37%
North Dakota has the US's only commerical-scale facility that turns coal into what?natural gas
37%
State fishnorthern pike
37%
Building material used by homesteaders in places where there were few treessod
37%
State dancesquare dance
37%
State nickname (a rodent)the {Flickertail} State
37%
Most of North Dakota has what climate classification?warm-summer humid {continental}
37%
State flowerwild prairie rose
37%
Large river that enters North Dakota from the west just a few miles before its confluence with the aboveYellowstone River
37%
North Dakota is one of only two states where these bomber aircraft are stationed.B-52
34%
North Dakota is the #2 producer of oil, thanks to a 21st-century boom centered around this oil-bearing rock formation.{Bakken} shale
34%
North Dakota is the #1 producer of this variety of wheat, used to make pasta.durum
34%
Technologies that have enabled the commercial extraction of oil from this formation{horizontal} drilling
34%
Technologies that have enabled the commercial extraction of oil from this formation{hydraulic} fracturing ("fracking")
34%
North America's largest annual Scandinavian heritage festivalNorsk {Høstfest}
34%
The fastest animal on land in the Americaspronghorn
34%
Other major riversSouris River
34%
State treeAmerican elm
32%
State motto, a quote from Daniel Websterand {union}
32%
Native American peoples that comprise the Three Affiliated TribesArikara
32%
North Dakota is the #1 producer of this sweet agricultural product.honey
32%
Species of deermoose
32%
U.S. highways (having over 100 independently signed miles in North Dakota)US-83
32%
The town of Dunseith has the world's largest sculpture of a turtle. What is it made of?car wheels
29%
State fruitchokecherry
29%
Species of deerelk (wapiti)
29%
Largest lakes (manmade)Lake Oahe
29%
The only state-owned industrial facility of its kind in the US, and also the largest in the USNorth Dakota {Mill} and Elevator
29%
Other federally recognized Indian tribesTurtle Mountain Chippewa (Ojibwe)
29%
The name of their expedition{Corps} of {Discovery}
26%
The eastern part of the state is very flat because it was under what lake following this period?Lake Agassiz
26%
State motto, a quote from Daniel Webster{Liberty}
26%
State motto, a quote from Daniel Webster{now}
26%
State motto, a quote from Daniel Webster{one}
26%
Gravel roads in this region are pink, due to the use of what rock formed from clay sediment baked by burning coal veins?porcellanite clinker (colloquially "scoria")
26%
U.S. highways (having over 100 independently signed miles in North Dakota)US-85
26%
State motto, a quote from Daniel Websterand {forever},
24%
North America's most endangered mammal, which preys on the aboveblack-footed ferret
24%
Dome-shaped Native American dwellings in riverside villages{earth} lodges
24%
River that flows through the heart of this regionLittle Missouri River
24%
North Dakota is the #1 producer of this grain.oats
24%
North Dakota is the only state which does not have this in its election process.voter registration
24%
Large, industrialized wheat farms of the late 19th century{bonanza} farms
21%
North Dakota is the #1 or #2 producer of these legumes.{navy} beans
21%
19th-century transcontinental railroads that traversed North DakotaNorthern Pacific Railway
21%
State insectladybug
18%
Left-wing rural populist political movement that controlled the state government from 1918 to 1921 and continued to wield significant power through the 1950s.Nonpartisan League
18%
State motto, a quote from Daniel Websterand {inseparable}
16%
River that forms the southern part of the eastern borderBois de Sioux River
16%
U.S. highways (having over 100 independently signed miles in North Dakota)US-281
16%
19th-century transcontinental railroads that traversed North DakotaGreat Northern Railway
13%
Rock quarried in North Dakota and traded across a huge area of North America by Native AmericansKnife River flint
13%
North Dakota is the #1 or #2 producer of these legumes.peas (dry)
13%
North Dakota is the #1 or #2 producer of these legumes.lentils
5%

Score Distribution

Percentile by Number Answered

Percent of People with Each Score

Your Score History

You have not taken this quiz since the last reset